000 00648nam a2200241Ia 4500
003 OSt
005 20220918174534.0
006 a|||||r|||| 00| 0
007 ta
008 220917b |||||||| |||| 00| 0 eng d
024 _a12,769
037 _cTextual
040 _aARTS
_cARTS
_beng
041 _2eng
_aeng
082 _a/\2y7M79, J4
100 _aOsborne Arthur
_950451
245 0 _aRamana Maharshi and the path of self knowledge
260 _aLondon
_bRider and company U K
_c1954
300 _a206
_ccm.
650 _aSPIRITUALISM
942 _h/\2y7M79, J4
_cTEXL
_2CC
999 _c153622
_d153622